Entry Topical Term
Number of records used in: 1
001 - CONTROL NUMBER
003 - CONTROL NUMBER IDENTIFIER
005 - DATE AND TIME OF LATEST TRANSACTION
- control field:
20251128115151.0
008 - FIXED-LENGTH DATA ELEMENTS
- fixed length control field:
251128|| aca||aabn | a|a d
040 ## - CATALOGING SOURCE
- Original cataloging agency:
JRU
- Transcribing agency:
JRU
150 ## - HEADING--TOPICAL TERM
- Topical term or geographic name as entry element:
Pharmacy
- General subdivision:
PHARMA
670 ## - SOURCE DATA FOUND
- Source citation:
Work cat.: (JRU)9004: DAS, DR. SUDIPTA. 2-GHOSE, BAISHALI. 3-DAS, SAWAN. 4-DEY, RIMI 8822, TEXTBOOK OF INDUSTRIAL PHARMACY - I : For B PHARMA [ 5th sem], 2024